Goldilocks and the three bears / (Record no. 49736)
| 000 -LEADER | |
|---|---|
| fixed length control field | 00604nam a2200193 4500 |
| 020 ## - INTERNATIONAL STANDARD BOOK NUMBER | |
| International Standard Book Number | 9781786928344 |
| 040 ## - CATALOGING SOURCE | |
| Original cataloging agency | StDuBDS |
| Language of cataloging | eng |
| Transcribing agency | StDuBDS |
| Modifying agency | Uk |
| 042 ## - AUTHENTICATION CODE | |
| Authentication code | ukblsr |
| 082 04 - DEWEY DECIMAL CLASSIFICATION NUMBER | |
| Classification number | 428.6 |
| Edition number | 22 |
| 100 1# - MAIN ENTRY--PERSONAL NAME | |
| Personal name | Page, Nick, |
| Relator term | author. |
| 9 (RLIN) | 82358 |
| 245 ## - TITLE STATEMENT | |
| Title | Goldilocks and the three bears / |
| Statement of responsibility, etc | Nick and Claire Page ; illustrations by Sara Baker. |
| 260 ## - PUBLICATION, DISTRIBUTION, ETC. (IMPRINT) | |
| Place of publication, distribution, etc | Berkhamsted : |
| Name of publisher, distributor, etc | Make Believe Ideas, |
| Date of publication, distribution, etc | 1 Jan. 2017. |
| 300 ## - PHYSICAL DESCRIPTION | |
| Extent | 31 p. : |
| Other physical details | col. ill. ; |
| Dimensions | 23 cm. |
| 490 ## - SERIES STATEMENT | |
| Series statement | Ready to read. Key stage 1 |
| 655 ## - INDEX TERM--GENRE/FORM | |
| Genre/form data or focus term | Fables. |
| 9 (RLIN) | 8615 |
| 700 1# - ADDED ENTRY--PERSONAL NAME | |
| Personal name | Page, Claire. |
| 9 (RLIN) | 67291 |
| 700 1# - ADDED ENTRY--PERSONAL NAME | |
| Personal name | Baker, Sara. |
| 9 (RLIN) | 67286 |
| 942 ## - ADDED ENTRY ELEMENTS (KOHA) | |
| Source of classification or shelving scheme | |
| Koha item type | Book |
| Withdrawn status | Lost status | Source of classification or shelving scheme | Damaged status | Not for loan | Home library | Current library | Date acquired | Total Checkouts | Full call number | Barcode | Date last seen | Date checked out | Price effective from | Koha item type |
|---|---|---|---|---|---|---|---|---|---|---|---|---|---|---|
| Logos International School | Logos International School | 11/19/2025 | 1 | J 398.2 GOL PAG | 041984 | 03/05/2026 | 02/26/2026 | 11/19/2025 | Book |